[Event "Debreceni evzaro A"]
[Site "?"]
[Date "2011.12.27"]
[Round "4.1"]
[White "Zoltan, Lajos"]
[Black "Donka, Peter"]
[Result "1-0"]
[WhiteElo "1957"]
[BlackElo "2195"]
[PlyCount "111"]
[Az esemény dátuma "2011.12.27"]

1. e4 e6 2. d4 d5 3. Nd2 f5 4. e5 c5 5. c3 Nc6 6. Ndf3 Qb6 7. Ne2 Bd7 8. a3 a5
9. a4 cxd4 10. cxd4 Rc8 11. Nc3 Bb4 12. Be2 Nge7 13. O-O O-O 14. Qd3 Na7 15.
Rd1 Rc7 16. Bd2 Nec6 17. g4 Be8 18. gxf5 Be7 19. Bg5 Nb4 20. Qd2 Rxf5 21. Kg2
Bh5 22. Bxe7 Rxe7 23. Nh4 Bg6 24. Nxf5 Bxf5 25. Rac1 Qd8 26. Qg5 Qf8 27. Nb5
Nac6 28. Nd6 Bc2 29. Rd2 h6 30. Qg3 Bf5 31. Rc5 Rc7 32. Bb5 Qb8 33. Nxf5 exf5
34. e6 Qc8 35. Qd6 f4 36. Bxc6 bxc6 37. Re2 Qe8 38. e7 Rc8 39. Qe6+ Kh7 40.
Qf5+ g6 41. Qe6 Rc7 42. Rxa5 Rc8 43. f3 Rb8 44. Ra7 Nd3 45. Qxc6 Nb4 46. Qxe8
Rxe8 47. Re6 Kg7 48. Rb6 Nc2 49. a5 Nxd4 50. a6 Kf7 51. Rab7 Rc8 52. e8=Q+ Kxe8
53. Rb8 Kd7 54. R6b7+ Rc7 55. a7 Kd6 56. Rxc7 1-0

[Event "Debreceni evzaro A"]
[Site "?"]
[Date "2011.12.27"]
[Round "4.3"]
[White "Bakk, Zoltan"]
[Black "Kun, Sandor"]
[Result "1/2-1/2"]
[WhiteElo "2069"]
[BlackElo "2042"]
[PlyCount "59"]
[Az esemény dátuma "2011.12.27"]

1. d4 Nf6 2. Nf3 g6 3. c4 Bg7 4. Nc3 d6 5. e4 O-O 6. h3 e5 7. d5 Nbd7 8. Bg5 h6
9. Be3 Nc5 10. Nd2 a5 11. Be2 Ne8 12. g4 f5 13. gxf5 gxf5 14. exf5 Bxf5 15.
Bxc5 dxc5 16. Nde4 Nd6 17. Bd3 Qh4 18. Qe2 Bxe4 19. Nxe4 Nxe4 20. Qxe4 Qxf2+
21. Kd1 Rf4 22. Qh7+ Kf8 23. Rf1 Qd4 24. Kc2 Rf2+ 25. Rxf2+ Qxf2+ 26. Kb3 Qg3
27. Qf5+ Ke7 28. Qe6+ Kd8 29. Qg8+ Ke7 30. Qe6+ 1/2-1/2

[Event "Debreceni evzaro A"]
[Site "?"]
[Date "2011.12.27"]
[Round "4.4"]
[White "Toth, Tamas"]
[Black "Dombi-Marias, Rudolf"]
[Result "1/2-1/2"]
[WhiteElo "1752"]
[BlackElo "1986"]
[PlyCount "44"]
[Az esemény dátuma "2011.12.27"]

1. e4 Nf6 2. e5 Nd5 3. c4 Nb6 4. d4 d6 5. f4 dxe5 6. fxe5 c5 7. d5 e6 8. Nc3
exd5 9. cxd5 c4 10. Nf3 Bg4 11. d6 Nc6 12. Bf4 a6 13. Nd5 Nxd5 14. Qxd5 Be6 15.
Qd2 h6 16. h4 Rc8 17. Be2 g6 18. O-O Bg7 19. Rac1 b5 20. Kh1 g5 21. Bg3 Qd7 22.
Qe3 Bd5 1/2-1/2

[Event "Debreceni evzaro A"]
[Site "?"]
[Date "2011.12.27"]
[Round "4.5"]
[White "Baranyai, Antal"]
[Black "Gal, Hanna Krisztina"]
[Result "0-1"]
[WhiteElo "1661"]
[BlackElo "1924"]
[PlyCount "102"]
[Az esemény dátuma "2011.12.27"]

1. e4 c5 2. Nf3 e6 3. Bc4 a6 4. O-O b5 5. Be2 Bb7 6. d3 Qc7 7. Be3 Nc6 8. c3
Nf6 9. h3 Be7 10. Qd2 O-O 11. Na3 d5 12. Nc2 dxe4 13. dxe4 Nxe4 14. Qc1 Rfd8
15. Rd1 Rxd1+ 16. Bxd1 Rd8 17. Be2 Nf6 18. Qf1 Nb8 19. Rd1 Rxd1 20. Qxd1 Qd7
21. Qxd7 Nbxd7 22. a3 Nd5 23. Bc1 e5 24. Ne3 Nxe3 25. Bxe3 c4 26. Ba7 f6 27.
Kf1 Bc5 28. Bxc5 Nxc5 29. Nd2 Na4 30. b3 cxb3 31. Nxb3 Nxc3 32. Bd3 Be4 33.
Bxe4 Nxe4 34. Ke1 Kf7 35. f3 Nd6 36. Nc5 a5 37. a4 bxa4 38. Nxa4 Ke6 39. Nb6
Nb5 40. Kd2 Nc7 41. Kd3 Nd5 42. Nc4 Nf4+ 43. Kc3 Nxg2 44. Nxa5 Nh4 45. f4 exf4
46. Kd4 f5 47. Nc4 Nf3+ 48. Kc3 g5 49. Nb6 g4 50. hxg4 fxg4 51. Kd3 g3 0-1

[Event "Debreceni evzaro A"]
[Site "?"]
[Date "2011.12.27"]
[Round "4.6"]
[White "Magi, Tibor"]
[Black "Erdei, Lajos Jr"]
[Result "1-0"]
[WhiteElo "1905"]
[BlackElo "1890"]
[PlyCount "81"]
[Az esemény dátuma "2011.12.27"]

1. d4 f5 2. f4 Nf6 3. Nf3 e6 4. e3 Be7 5. Nbd2 O-O 6. c4 d6 7. Bd3 c5 8. O-O
Nc6 9. a3 Qb6 10. Nb3 a5 11. dxc5 dxc5 12. Qc2 a4 13. Nbd2 Ng4 14. Re1 Bf6 15.
Nf1 Na5 16. h3 Nh6 17. N1d2 Qc7 18. Qxa4 Bd7 19. Qc2 Nc6 20. Rb1 e5 21. fxe5
Nxe5 22. Nxe5 Bxe5 23. Nf3 Bg3 24. Rf1 Bc6 25. b4 b6 26. b5 Bb7 27. e4 Ng4 28.
exf5 Bxf3 29. gxf3 Nh2 30. Rf2 Bxf2+ 31. Qxf2 Nxf3+ 32. Qxf3 Qe7 33. Bb2 Qg5+
34. Kh1 Ra7 35. Rg1 Qh4 36. f6 Rd7 37. Be4 Rff7 38. Bd5 Rxd5 39. cxd5 g6 40. d6
Rxf6 41. Bxf6 1-0

[Event "Debreceni evzaro A"]
[Site "?"]
[Date "2011.12.27"]
[Round "4.7"]
[White "Hercz, Richard"]
[Black "Juhasz, Mihaly Jr"]
[Result "1/2-1/2"]
[WhiteElo "1791"]
[BlackElo "1696"]
[PlyCount "29"]
[Az esemény dátuma "2011.12.27"]

1. e4 c5 2. Nf3 d6 3. Bb5+ Bd7 4. Bxd7+ Qxd7 5. O-O g6 6. Re1 Bg7 7. d3 Nc6 8.
c3 Nf6 9. Nbd2 O-O 10. Nf1 b5 11. Bf4 Rfd8 12. Rb1 a5 13. d4 cxd4 14. cxd4 Nh5
15. Bg3 1/2-1/2

[Event "Debreceni evzaro A"]
[Site "?"]
[Date "2011.12.27"]
[Round "4.8"]
[White "Adorjan, Attila"]
[Black "Kiss, Gergely"]
[Result "1/2-1/2"]
[WhiteElo "1989"]
[BlackElo "1873"]
[PlyCount "44"]
[Az esemény dátuma "2011.12.27"]

1. e4 Nc6 2. Bc4 e6 3. Nc3 Nf6 4. d4 Nxe4 5. Nxe4 d5 6. Bd3 dxe4 7. Bxe4 Nxd4
8. Nf3 Nxf3+ 9. Qxf3 c6 10. O-O Qc7 11. Rd1 Bd6 12. g3 f5 13. Bd3 O-O 14. Bc4
Kh8 15. Bg5 e5 16. Qd3 Be7 17. Bxe7 Qxe7 18. Qd6 Qxd6 19. Rxd6 f4 20. Re1 fxg3
21. fxg3 Bh3 22. Rxe5 Rae8 1/2-1/2

[Event "Debreceni evzaro A"]
[Site "?"]
[Date "2011.12.27"]
[Round "4.9"]
[White "Suhajda, Sandor"]
[Black "Nemeti, Kornel"]
[Result "1/2-1/2"]
[WhiteElo "1888"]
[BlackElo "1838"]
[PlyCount "113"]
[Az esemény dátuma "2011.12.27"]

1. d4 d5 2. c4 e6 3. Nc3 Nf6 4. e3 Be7 5. Nf3 O-O 6. Bd3 dxc4 7. Bxc4 c5 8. O-O
Nc6 9. Ne2 b6 10. Bd2 Bb7 11. a3 Rc8 12. dxc5 Bxc5 13. Ng3 Qe7 14. Qe2 Rfd8 15.
Bc3 Bd6 16. Rfd1 Bb8 17. Rac1 Ng4 18. Ba2 Nce5 19. Nxe5 Bxe5 20. Bxe5 Nxe5 21.
Rxd8+ Rxd8 22. Bb1 Ng6 23. Be4 Bxe4 24. Nxe4 Ne5 25. h3 Qb7 26. f3 h6 27. Qc2
f5 28. Nc3 Qe7 29. Nb5 Qh4 30. Nd4 Qg3 31. Qb3 Rd5 32. Rf1 Qg6 33. Kh2 f4 34.
exf4 Rxd4 35. fxe5 Rd2 36. Rg1 Qf5 37. Qc3 Re2 38. Rd1 Qxe5+ 39. Qxe5 Rxe5 40.
Rd8+ Kh7 41. Rd7 a5 42. Rd6 Rb5 43. Rd2 Kg6 44. Kg3 Kf6 45. Kf4 Rc5 46. g4 g6
47. h4 g5+ 48. hxg5+ hxg5+ 49. Kg3 Rb5 50. Rh2 Kg6 51. Re2 Kf6 52. Rf2 Rb3 53.
Kg2 b5 54. Re2 b4 55. a4 Rd3 56. Kf2 b3 57. Kg3 1/2-1/2

[Event "Debreceni evzaro A"]
[Site "?"]
[Date "2011.12.27"]
[Round "5.1"]
[White "Kovacs, Marton"]
[Black "Zoltan, Lajos"]
[Result "1/2-1/2"]
[WhiteElo "2167"]
[BlackElo "1957"]
[PlyCount "97"]
[Az esemény dátuma "2011.12.27"]

1. d4 Nf6 2. Nf3 g6 3. Bf4 Bg7 4. Nc3 d5 5. e3 O-O 6. Be2 Bf5 7. Ne5 c5 8. g4
Be6 9. f3 Nc6 10. Qd2 Rc8 11. h4 cxd4 12. exd4 Nd7 13. Nxc6 Rxc6 14. Nd1 f5 15.
g5 Bf7 16. O-O e5 17. dxe5 Nxe5 18. c3 Nc4 19. Bxc4 Rxc4 20. b3 Rc6 21. Be3 d4
22. cxd4 Rd6 23. Rc1 Bxd4 24. Bxd4 Rxd4 25. Qf2 Qd6 26. Nc3 Rd2 27. Rcd1 Rxf2
28. Rxd6 Rc2 29. Nd5 Bxd5 30. Rxd5 Rxa2 31. Rd7 Rf7 32. Rd8+ Kg7 33. Rc1 Re7
34. Kf1 Rh2 35. Rc4 h6 36. b4 hxg5 37. hxg5 Rh8 38. Rd6 Rhe8 39. Kf2 Rf7 40.
Kg3 Ree7 41. Rd8 Rd7 42. Ra8 a6 43. Rcc8 Rfe7 44. Rg8+ Kh7 45. Rh8+ Kg7 46.
Rhg8+ Kh7 47. Rh8+ Kg7 48. Rhg8+ Kh7 49. Rh8+ 1/2-1/2

[Event "Debreceni evzaro A"]
[Site "?"]
[Date "2011.12.27"]
[Round "5.2"]
[White "Donka, Peter"]
[Black "Ats, Laszlo Gyorgy"]
[Result "1-0"]
[WhiteElo "2195"]
[BlackElo "2073"]
[PlyCount "75"]
[Az esemény dátuma "2011.12.27"]

1. d4 Nf6 2. Nf3 d5 3. e3 Bf5 4. c4 e6 5. Qb3 b6 6. Ne5 c6 7. Bd2 Bd6 8. cxd5
exd5 9. Bb4 O-O 10. Bxd6 Qxd6 11. Nc3 Nbd7 12. Nxd7 Bxd7 13. Be2 Ng4 14. h3
Nxe3 15. fxe3 Qg3+ 16. Kd2 Qxg2 17. Rag1 Qf2 18. Rf1 Qg3 19. Rf3 Qg2 20. Qd1
Rae8 21. Rg1 Qh2 22. Rfg3 Bxh3 23. Rxg7+ Kh8 24. Qe1 Bf5 25. R7g3 Qh6 26. Qf2
Qe6 27. Bg4 Bxg4 28. Rxg4 f5 29. Rh4 Rf7 30. Ne2 Qd6 31. Nf4 Rg8 32. Rxg8+ Kxg8
33. Nd3 c5 34. Qf4 Qf8 35. Rh5 c4 36. Rg5+ Kh8 37. Qe5+ Rf6 38. Rxf5 1-0

[Event "Debreceni evzaro A"]
[Site "?"]
[Date "2011.12.27"]
[Round "5.3"]
[White "Kun, Sandor"]
[Black "Gal, Hanna Krisztina"]
[Result "1-0"]
[WhiteElo "2042"]
[BlackElo "1924"]
[PlyCount "77"]
[Az esemény dátuma "2011.12.27"]

1. e4 c5 2. Nf3 e6 3. d4 cxd4 4. Nxd4 a6 5. Bd3 Nf6 6. O-O Qc7 7. Be3 d6 8. h3
Nbd7 9. Nd2 Be7 10. a4 O-O 11. f4 b6 12. g4 Nc5 13. b4 Nxd3 14. cxd3 Bb7 15. g5
Ne8 16. Rc1 Qd7 17. Nc4 Bd8 18. b5 Bc7 19. Nc6 Bxc6 20. bxc6 Qd8 21. d4 d5 22.
exd5 exd5 23. Ne5 Nd6 24. Qg4 Kh8 25. f5 Ne4 26. g6 Bxe5 27. dxe5 Qc7 28. Qh4
fxg6 29. fxg6 h6 30. Bf4 b5 31. e6 Qa7+ 32. Kg2 Rf6 33. c7 Qb7 34. Qg4 d4 35.
Kh2 bxa4 36. e7 Nc3 37. Be5 Qb2+ 38. Kg3 Ne2+ 39. Kh4 1-0

[Event "Debreceni evzaro A"]
[Site "?"]
[Date "2011.12.27"]
[Round "5.4"]
[White "Dombi-Marias, Rudolf"]
[Black "Bakk, Zoltan"]
[Result "1/2-1/2"]
[WhiteElo "1986"]
[BlackElo "2069"]
[PlyCount "65"]
[Az esemény dátuma "2011.12.27"]

1. e4 e6 2. d4 d5 3. Nc3 Bb4 4. e5 Ne7 5. a3 Bxc3+ 6. bxc3 b6 7. Qg4 Ng6 8. a4
Ba6 9. Bxa6 Nxa6 10. Qe2 Nb8 11. Nh3 Nc6 12. O-O Qd7 13. Nf4 Nxf4 14. Bxf4 O-O
15. Bc1 f5 16. Ba3 Rf7 17. f4 Na5 18. Bb4 Nb7 19. a5 c5 20. a6 cxb4 21. axb7
Qxb7 22. cxb4 a5 23. bxa5 Rxa5 24. Rfb1 Qa7 25. Rxa5 bxa5 26. c3 Rc7 27. Qb5
Kf7 28. Rb3 Rxc3 29. Rxc3 Qxd4+ 30. Kf1 Qd1+ 31. Kf2 Qd2+ 32. Kf1 Qd1+ 33. Kf2
1/2-1/2

[Event "Debreceni evzaro A"]
[Site "?"]
[Date "2011.12.27"]
[Round "5.5"]
[White "Juhasz, Mihaly Jr"]
[Black "Toth, Tamas"]
[Result "0-1"]
[WhiteElo "1696"]
[BlackElo "1752"]
[PlyCount "94"]
[Az esemény dátuma "2011.12.27"]

1. d4 Nf6 2. Nf3 e6 3. Bf4 c5 4. h3 Qb6 5. b3 d5 6. e3 Nc6 7. Be2 Be7 8. O-O
O-O 9. c4 Rd8 10. cxd5 exd5 11. Be5 Ne4 12. dxc5 Qxc5 13. a3 Nxe5 14. Nxe5 Bf6
15. Nd3 Qd6 16. Ra2 d4 17. Bf3 Ng5 18. e4 Be6 19. Re1 Qb6 20. Nd2 Rac8 21. Nf4
Nxf3+ 22. Nxf3 Bxb3 23. Qd2 Bxa2 24. Qxa2 d3 25. Nd5 Qb2 26. Qxb2 Bxb2 27. Ne7+
Kf8 28. Nxc8 Rxc8 29. Rd1 Rc1 30. Rxc1 Bxc1 31. Kf1 Bxa3 32. Ne5 d2 33. Ke2 f6
34. Nc4 Bb4 35. g4 Ke7 36. f4 a5 37. Nxd2 Bxd2 38. Kxd2 Kd6 39. Kc3 Kc5 40. g5
b5 41. h4 b4+ 42. Kd3 a4 43. h5 a3 44. h6 gxh6 45. gxf6 Kd6 46. e5+ Ke6 47. f5+
Kf7 0-1

[Event "Debreceni evzaro A"]
[Site "?"]
[Date "2011.12.27"]
[Round "5.6"]
[White "Erdei, Lajos Jr"]
[Black "Hercz, Richard"]
[Result "1/2-1/2"]
[WhiteElo "1890"]
[BlackElo "1791"]
[PlyCount "111"]
[Az esemény dátuma "2011.12.27"]

1. e4 d6 2. d4 g6 3. c4 Nf6 4. Nc3 Bg7 5. Bg5 O-O 6. e5 dxe5 7. dxe5 Qxd1+ 8.
Rxd1 Ng4 9. Bxe7 Re8 10. Rd8 Rxd8 11. Bxd8 Bxe5 12. Nd5 Na6 13. h3 Nh6 14. b3
c6 15. Nf3 cxd5 16. Nxe5 Nb4 17. cxd5 Nxd5 18. Bg5 Nf5 19. Bc4 Be6 20. O-O Nc7
21. Rc1 h6 22. Bf4 g5 23. Bh2 Nd5 24. Nd7 Rc8 25. Re1 Bxd7 26. Bxd5 Bc6 27. Bc4
Re8 28. Rxe8+ Bxe8 29. Be5 Ne7 30. g4 b5 31. Bd3 a5 32. a3 a4 33. b4 Nd5 34.
Kh2 f6 35. Bb2 Kg7 36. Kg3 Nf4 37. Bf1 h5 38. h4 Kg6 39. Bc1 Ne6 40. Bd3+ Kh6
41. hxg5+ fxg5 42. gxh5 Kxh5 43. f4 gxf4+ 44. Bxf4 Bc6 45. Be3 Nc7 46. Kf2 Kg4
47. Ke2 Nd5 48. Bc2 Nf4+ 49. Kd2 Kf3 50. Ba7 Bd5 51. Bd1+ Ke4 52. Bg1 Bc4 53.
Bc2+ Kd5 54. Ke3 Ng2+ 55. Kf2 Nf4 56. Kf3 1/2-1/2

[Event "Debreceni evzaro A"]
[Site "?"]
[Date "2011.12.27"]
[Round "5.7"]
[White "Nemeti, Kornel"]
[Black "Adorjan, Attila"]
[Result "1/2-1/2"]
[WhiteElo "1838"]
[BlackElo "1989"]
[PlyCount "32"]
[Az esemény dátuma "2011.12.27"]

1. e4 c6 2. d4 d5 3. exd5 cxd5 4. c4 Nf6 5. Nc3 e6 6. Nf3 Be7 7. Be2 O-O 8. O-O
dxc4 9. Bxc4 Nc6 10. Be3 a6 11. a3 b5 12. Ba2 Bb7 13. d5 exd5 14. Nxd5 Nxd5 15.
Qxd5 Na5 16. Qxd8 Bxd8 1/2-1/2

[Event "Debreceni evzaro A"]
[Site "?"]
[Date "2011.12.27"]
[Round "5.8"]
[White "Kiss, Gergely"]
[Black "Baranyai, Antal"]
[Result "0-1"]
[WhiteElo "1873"]
[BlackElo "1661"]
[PlyCount "91"]
[Az esemény dátuma "2011.12.27"]

1. d4 e6 2. c4 Nf6 3. Nc3 d5 4. Nf3 c6 5. e3 Bb4 6. Qc2 Nbd7 7. Bd3 h6 8. cxd5
Nxd5 9. O-O Nxc3 10. bxc3 Bd6 11. e4 b6 12. e5 Be7 13. Qe2 Bb7 14. Rd1 Qc7 15.
a4 Rc8 16. Bf4 c5 17. Rac1 c4 18. Bb1 Bd5 19. Rc2 Qc6 20. Ra2 Bxf3 21. gxf3 f6
22. Bg6+ Kf8 23. exf6 Nxf6 24. Be5 Nd5 25. Qe4 Bf6 26. Rc1 Ne7 27. Qg4 Nxg6 28.
Qxg6 Qxf3 29. Re1 Kg8 30. Rae2 Qf5 31. Qg2 Qg5 32. Bg3 Re8 33. Qc6 Kh7 34. Qxc4
Rc8 35. Qb3 Qd5 36. Qc2+ Qf5 37. Qd2 Rhe8 38. Re4 Rc6 39. R1e3 Rec8 40. Be5 Bg5
41. f4 Bh4 42. d5 exd5 43. Qxd5 Rxc3 44. Rxc3 Rxc3 45. Rd4 Qg4+ 46. Qg2 0-1

[Event "Debreceni evzaro A"]
[Site "?"]
[Date "2011.12.27"]
[Round "5.9"]
[White "Suhajda, Sandor"]
[Black "Cimpean, Andra"]
[Result "1-0"]
[WhiteElo "1888"]
[BlackElo "1791"]
[PlyCount "42"]
[Az esemény dátuma "2011.12.27"]

1. d4 Nf6 2. c4 e6 3. Nc3 c5 4. e3 Be7 5. Nf3 Nc6 6. d5 exd5 7. cxd5 Na5 8. d6
Bf8 9. Nb5 Bxd6 10. Qxd6 Qe7 11. Nc7+ Kf8 12. Qxe7+ Kxe7 13. Nxa8 Kd8 14. Ne5
Rf8 15. Bb5 a6 16. Bd2 Nc6 17. Bxc6 bxc6 18. Nb6 Kc7 19. Nbc4 d6 20. Ba5+ Kb8
21. Nxd6 Nd5 1-0

[Event "Debreceni evzaro A"]
[Site "?"]
[Date "2011.12.27"]
[Round "6.1"]
[White "Kovacs, Marton"]
[Black "Donka, Peter"]
[Result "1-0"]
[WhiteElo "2167"]
[BlackElo "2195"]
[PlyCount "117"]
[EventDate "2011.??.??"]

1. d4 d5 2. c4 e6 3. Nf3 Nf6 4. Nc3 Nbd7 5. Bf4 Bb4 6. Qb3 c5 7. e3 Qa5 8. Bd3
b5 9. cxb5 c4 10. Bxc4 dxc4 11. Qxc4 Bb7 12. Bc7 Nb6 13. Bxb6 axb6 14. Ne5 Bd5
15. Qd3 Rc8 16. O-O Bxc3 17. Rfc1 Nd7 18. Nc6 Bxc6 19. bxc6 Rxc6 20. bxc3 O-O
21. c4 Rfc8 22. Rc2 Nf6 23. e4 Ne8 24. d5 exd5 25. exd5 Rd6 26. Rac1 Qc5 27.
Kf1 Rd7 28. Qe3 Nd6 29. Qxc5 Rxc5 30. Ke2 Rdc7 31. Kd3 Kf8 32. h3 b5 33. cxb5
Rxd5+ 34. Ke3 Re7+ 35. Kf3 Rd3+ 36. Kg4 f5+ 37. Kg5 h6+ 38. Kg6 Re6+ 39. Kh5
Rd4 40. g3 g6+ 41. Kxh6 g5+ 42. Kh5 Nf7 43. Rc6 Ree4 44. Kg6 Ne5+ 45. Kf6 Nxc6
46. Rxc6 g4 47. h4 f4 48. h5 fxg3 49. fxg3 Rd5 50. h6 Rh5 51. Rc8+ Re8 52.
Rxe8+ Kxe8 53. Kg6 Rxb5 54. h7 Rb6+ 55. Kg7 Rb7+ 56. Kg6 Rb6+ 57. Kh5 Rb1 58.
h8=Q+ Kf7 59. Qh7+ 1-0

[Event "Debreceni evzaro A"]
[Site "?"]
[Date "2011.12.27"]
[Round "6.2"]
[White "Zoltan, Lajos"]
[Black "Kun, Sandor"]
[Result "0-1"]
[WhiteElo "1957"]
[BlackElo "2042"]
[PlyCount "62"]
[Az esemény dátuma "2011.12.27"]

1. e4 e5 2. Nf3 Nc6 3. Bb5 a6 4. Ba4 Nf6 5. d4 exd4 6. O-O Be7 7. Re1 b5 8. Bb3
d6 9. Bd5 Bb7 10. Nxd4 Nxd5 11. Nxc6 Bxc6 12. exd5 Bb7 13. Bg5 f6 14. Bf4 O-O
15. a4 b4 16. a5 Qd7 17. c3 Rfe8 18. Qd3 Bf8 19. Re3 g5 20. Bg3 f5 21. f4 Rxe3
22. Qxe3 Bxd5 23. cxb4 Re8 24. Qd2 Bc4 25. Nc3 d5 26. b5 axb5 27. Bf2 b4 28.
Na4 Re2 29. Qd4 Qd6 30. Nc5 Bg7 31. Nb7 Bxd4 0-1

[Event "Debreceni evzaro A"]
[Site "?"]
[Date "2011.12.27"]
[Round "6.3"]
[White "Toth, Tamas"]
[Black "Bakk, Zoltan"]
[Result "0-1"]
[WhiteElo "1752"]
[BlackElo "2069"]
[PlyCount "56"]
[Az esemény dátuma "2011.12.27"]

1. e4 e6 2. d4 d5 3. e5 c5 4. c3 Nc6 5. Nf3 Qb6 6. Bd3 cxd4 7. cxd4 Bd7 8. O-O
Nxd4 9. Nxd4 Qxd4 10. Nc3 a6 11. Re1 Ne7 12. Be3 Qxe5 13. Rc1 Rc8 14. Qd2 d4
15. Bf4 dxc3 16. Rxc3 Qd5 17. Re5 Qd4 18. Re4 Qa7 19. Be3 b6 20. Ra3 Nd5 21.
Rxa6 Qb7 22. a3 Nxe3 23. Rxe3 Be7 24. Re1 O-O 25. b4 b5 26. Ra5 Bd8 27. Be4 Bc6
28. Bxc6 Rxc6 0-1

[Event "Debreceni evzaro A"]
[Site "?"]
[Date "2011.12.27"]
[Round "6.4"]
[White "Ats, Laszlo Gyorgy"]
[Black "Magi, Tibor"]
[Result "1-0"]
[WhiteElo "2073"]
[BlackElo "1905"]
[PlyCount "137"]
[Az esemény dátuma "2011.12.27"]

1. d4 g6 2. h4 h5 3. Nf3 d6 4. Bf4 Bg7 5. e3 Bg4 6. Be2 Nd7 7. c3 Ngf6 8. Ng5
Bxe2 9. Qxe2 Nh7 10. Nxh7 Rxh7 11. Nd2 e5 12. Bg3 f5 13. Qc4 Ke7 14. Nf3 Bf6
15. dxe5 Nxe5 16. Bxe5 Bxe5 17. Ng5 Rg7 18. O-O-O Qd7 19. Rd2 b5 20. Qb3 a5 21.
Rhd1 Ra6 22. Rd5 Bf6 23. Qxb5 Qxb5 24. Rxb5 Bxg5 25. hxg5 Rg8 26. c4 Rga8 27.
c5 Rc6 28. Kb1 dxc5 29. Rd5 Ke6 30. Rbxc5 Rxc5 31. Rxc5 Kd6 32. Rb5 Kc6 33. Re5
Kd6 34. f4 c5 35. Kc2 Rb8 36. Kc3 a4 37. e4 fxe4 38. Rxe4 Ra8 39. g3 Ra6 40.
Re8 Rb6 41. Ra8 Kd5 42. Rxa4 Re6 43. Kd2 c4 44. Ra5+ Kd4 45. f5 gxf5 46. Rxf5
Ra6 47. Rf4+ Ke5 48. a3 Rb6 49. Kc2 Rb3 50. Rh4 Kf5 51. Rxh5 Rxg3 52. a4 Rb3
53. Rh4 Rb4 54. Kc3 Rb3+ 55. Kxc4 Rxb2 56. Kc3 Rg2 57. Rh5 Kg6 58. Rh8 Kg7 59.
Re8 Rxg5 60. Kb4 Kf7 61. Re4 Rg8 62. a5 Rg1 63. a6 Rg6 64. Kb5 Rg5+ 65. Kb6
Rg6+ 66. Kb7 Rd6 67. a7 Rd7+ 68. Kb8 Rd8+ 69. Kc7 1-0

[Event "Debreceni evzaro A"]
[Site "?"]
[Date "2011.12.27"]
[Round "6.5"]
[White "Baranyai, Antal"]
[Black "Dombi-Marias, Rudolf"]
[Result "0-1"]
[WhiteElo "1661"]
[BlackElo "1986"]
[PlyCount "84"]
[Az esemény dátuma "2011.12.27"]

1. d4 Nf6 2. Nc3 g6 3. e4 d6 4. f4 Bg7 5. Nf3 O-O 6. Bd3 a6 7. O-O b5 8. a3 Bb7
9. Re1 c5 10. d5 c4 11. Bf1 Ng4 12. Ne2 e5 13. h3 Qb6+ 14. Ned4 Nh6 15. fxe5
dxe5 16. Bxh6 Bxh6 17. Nxe5 Re8 18. Nef3 Nd7 19. c3 Nc5 20. Qc2 Bf4 21. Kh1 Bg3
22. Re2 Nd3 23. b4 Re7 24. Rd2 Bf4 25. Re2 Rae8 26. Rd1 Bh6 27. Qa2 Nf4 28.
Ree1 Rxe4 29. Rxe4 Rxe4 30. Re1 Rxe1 31. Nxe1 Nxd5 32. Qa1 Bd2 33. Nef3 Bxc3
34. Qd1 Ne3 35. Qe2 Bxd4 36. Ng5 Qf6 37. Nf3 Nxf1 38. Qxf1 Bxf3 39. gxf3 Qg5
40. Qd1 Qg1+ 41. Qxg1 Bxg1 42. Kxg1 c3 0-1

[Event "Debreceni evzaro A"]
[Site "?"]
[Date "2011.12.27"]
[Round "6.6"]
[White "Gal, Hanna Krisztina"]
[Black "Hercz, Richard"]
[Result "1-0"]
[WhiteElo "1924"]
[BlackElo "1791"]
[PlyCount "53"]
[Az esemény dátuma "2011.12.27"]

1. e4 g6 2. d4 d6 3. Nc3 Nf6 4. Bg5 Bg7 5. e5 dxe5 6. dxe5 Qxd1+ 7. Rxd1 Ng4 8.
h3 Bxe5 9. hxg4 Bxg4 10. Be2 Be6 11. a3 c6 12. Nf3 Bg7 13. Bh6 Bf6 14. Ng5 Bf5
15. Bd3 Bxd3 16. Rxd3 Nd7 17. Nge4 Be5 18. Be3 b6 19. Bd4 Bxd4 20. Rxd4 e5 21.
Rd2 f5 22. Ng5 h6 23. Rd6 Nf8 24. Rxc6 Kd7 25. Rc4 h5 26. Nd5 Kd6 27. Nc7 1-0

[Event "Debreceni evzaro A"]
[Site "?"]
[Date "2011.12.27"]
[Round "6.7"]
[White "Adorjan, Attila"]
[Black "Suhajda, Sandor"]
[Result "1/2-1/2"]
[WhiteElo "1989"]
[BlackElo "1888"]
[PlyCount "52"]
[Az esemény dátuma "2011.12.27"]

1. e4 c5 2. Nc3 Nc6 3. g3 e5 4. Bg2 Nf6 5. d3 d6 6. h3 Be7 7. Be3 O-O 8. Qd2 a6
9. Nge2 Bd7 10. O-O Qc8 11. Kh2 b6 12. f4 exf4 13. Nxf4 Rb8 14. Nfd5 Nxd5 15.
Nxd5 Bd8 16. Bf4 Ne5 17. c3 Bb5 18. c4 Bc6 19. Rae1 Qd7 20. d4 Ng6 21. Be3 Bxd5
22. exd5 Bf6 23. Be4 Rbe8 24. Bxg6 hxg6 25. dxc5 bxc5 26. b3 Re4 1/2-1/2

[Event "Debreceni evzaro A"]
[Site "?"]
[Date "2011.12.27"]
[Round "6.8"]
[White "Juhasz, Mihaly Jr"]
[Black "Nemeti, Kornel"]
[Result "0-1"]
[WhiteElo "1696"]
[BlackElo "1838"]
[PlyCount "64"]
[Az esemény dátuma "2011.12.27"]

1. d4 d5 2. Nf3 Nf6 3. e3 Bf5 4. b3 e6 5. Bb2 c5 6. c4 Nc6 7. Be2 Be7 8. O-O
O-O 9. a3 h6 10. dxc5 Bxc5 11. b4 Be7 12. c5 Ne4 13. Nd4 Nxd4 14. exd4 Rc8 15.
Nd2 Nxd2 16. Qxd2 Bg5 17. Qd1 Qc7 18. Bc1 Bf6 19. Be3 Rcd8 20. Qa4 Qb8 21. b5
e5 22. Rac1 Rfe8 23. Rfe1 exd4 24. Bxd4 Re4 25. Rcd1 Rde8 26. Rd2 Bxd4 27. Rxd4
Rxe2 28. Rf1 Re1 29. Rxd5 Rxf1+ 30. Kxf1 Qxh2 31. f3 Qh1+ 32. Kf2 Qe1# 0-1

[Event "Debreceni evzaro A"]
[Site "?"]
[Date "2011.12.27"]
[Round "6.9"]
[White "Cimpean, Andra"]
[Black "Erdei, Lajos Jr"]
[Result "0-1"]
[WhiteElo "1791"]
[BlackElo "1890"]
[PlyCount "84"]
[Az esemény dátuma "2011.12.27"]

1. e4 d6 2. d4 Nf6 3. Bd3 g6 4. c3 Bg7 5. f4 e5 6. Nf3 exd4 7. cxd4 c5 8. e5
Nh5 9. dxc5 Qa5+ 10. Nc3 dxe5 11. Qa4+ Qxa4 12. Nxa4 Nxf4 13. Bb5+ Nc6 14.
Bxc6+ bxc6 15. Bxf4 exf4 16. O-O O-O 17. Rad1 h6 18. Nd4 Bb7 19. Rd2 Rad8 20.
Rfd1 Rfe8 21. Nc3 Ba6 22. Kf2 Bb7 23. Nb1 Rd5 24. Nb3 Bxb2 25. Rxd5 cxd5 26.
Rd2 Bf6 27. Na3 h5 28. Nb5 Bh4+ 29. g3 fxg3+ 30. hxg3 Bg5 31. Re2 Rxe2+ 32.
Kxe2 Ba6 33. a4 Kf8 34. N3d4 Ke8 35. Nc6 Be7 36. Nxe7 Kxe7 37. Ke3 g5 38. c6
Bxb5 39. axb5 Kd6 40. Kd3 a5 41. Kc3 h4 42. gxh4 gxh4 0-1

[Event "Debreceni evzaro A"]
[Site "?"]
[Date "2011.12.27"]
[Round "7.1"]
[White "Bakk, Zoltan"]
[Black "Kovacs, Marton"]
[Result "1/2-1/2"]
[WhiteElo "2069"]
[BlackElo "2167"]
[PlyCount "33"]
[EventDate "2011.??.??"]

1. d4 d5 2. Nf3 Nf6 3. c3 c5 4. dxc5 a5 5. b4 e6 6. e3 axb4 7. cxb4 b6 8. Bb5+
Bd7 9. Bxd7+ Qxd7 10. a4 bxc5 11. b5 Bd6 12. Bb2 Qe7 13. Ne5 O-O 14. Nd2 Nfd7
15. Nxd7 Nxd7 16. a5 Qh4 17. Ra4 1/2-1/2

[Event "Debreceni evzaro A"]
[Site "?"]
[Date "2011.12.27"]
[Round "7.2"]
[White "Kun, Sandor"]
[Black "Donka, Peter"]
[Result "0-1"]
[WhiteElo "2042"]
[BlackElo "2195"]
[PlyCount "122"]
[EventDate "2011.??.??"]

1. e4 d5 2. exd5 Qxd5 3. Nc3 Qa5 4. d4 Nf6 5. Nf3 c6 6. Ne5 Bf5 7. Bc4 e6 8. g4
Bg6 9. h4 Nbd7 10. Nxd7 Nxd7 11. Qe2 Bb4 12. Bd2 Bxc2 13. Rc1 Ba4 14. a3 Bxc3
15. Bxc3 Qb6 16. O-O Bb3 17. Bb4 Bxc4 18. Qxc4 O-O-O 19. d5 exd5 20. Qxd5 Nf6
21. Qf5+ Rd7 22. Rfd1 Qd8 23. g5 g6 24. Qh3 Nh5 25. Ba5 Qe7 26. Re1 Nf4 27. Qf3
Ne6 28. Bc3 Re8 29. Bf6 Qf8 30. Qe3 Kb8 31. Rc4 Rd5 32. Be5+ Ka8 33. Ra4 a6 34.
f4 Red8 35. Qb6 Qc5+ 36. Qxc5 Rxc5 37. Rae4 Rc2 38. R4e2 Rdd2 39. Kf2 b5 40.
Rxd2 Rxd2+ 41. Re2 Rxe2+ 42. Kxe2 Kb7 43. b4 c5 44. Kd3 c4+ 45. Ke4 Kc6 46. Bc3
Nc7 47. Kd4 Nd5 48. Bd2 Kd6 49. Bc1 Ne7 50. Bb2 Nf5+ 51. Ke4 Nxh4 52. Be5+ Ke6
53. Bd4 Nf5 54. Bc3 Ne7 55. Bd2 Nd5 56. Kd4 Kd6 57. Bc1 f5 58. Bd2 Nc7 59. Bc3
Ne6+ 60. Ke3 Kd5 61. Be5 Nxg5 0-1

[Event "Debreceni evzaro A"]
[Site "?"]
[Date "2011.12.27"]
[Round "7.3"]
[White "Gal, Hanna Krisztina"]
[Black "Zoltan, Lajos"]
[Result "1/2-1/2"]
[WhiteElo "1924"]
[BlackElo "1957"]
[PlyCount "32"]
[EventDate "2011.??.??"]

1. e4 e6 2. c4 c5 3. Nf3 Nc6 4. d4 cxd4 5. Nxd4 Bb4+ 6. Nc3 a6 7. Be3 Nf6 8.
Nxc6 bxc6 9. Bd3 Qa5 10. Bd2 d5 11. exd5 cxd5 12. a3 Bxc3 13. Bxc3 Qd8 14. Bxf6
Qxf6 15. cxd5 Qxb2 16. O-O O-O 1/2-1/2